[Event "SVK-chT3A2 1617"]
[Site "Slovakia"]
[Date "2017.02.19"]
[Round "9.2"]
[White "Kahanek, Jaroslav"]
[Black "Gajarsky, Roman"]
[Result "0-1"]
[WhiteElo "1872"]
[BlackElo "1727"]
[PlyCount "66"]
[EventDate "2016.10.16"]
[EventType "team-tourn"]
[EventRounds "11"]
[EventCountry "SVK"]
[SourceTitle "EXT 2020"]
[Source "ChessBase"]
[SourceDate "2019.10.17"]
[SourceVersion "1"]
[SourceVersionDate "2019.10.17"]
[SourceQuality "1"]
[WhiteTeam "Holic"]
[BlackTeam "Hlohovec"]
[WhiteTeamCountry "SVK"]
[BlackTeamCountry "SVK"]

1. d4 f5 2. Nc3 d5 3. Bf4 c6 4. a3 Nf6 5. e3 g6 6. Nf3 Bg7 7. Be2 Nbd7 8. Ne5 Nxe5 9. Bxe5 0-0 10. f4 Qb6 11. b4 Ng4 12. Bxg4 fxg4 13. 0-0 Bxe5 14. fxe5 Rxf1+ 15. Qxf1 Bf5 16. Qe2 a5 17. Rb1 axb4 18. Rxb4 Qc7 19. Rb3 e6 20. e4 dxe4 21. Nxe4 b5 22. Nf6+ Kg7 23. Qd2 Rd8 24. Qe2 Qa7 25. c3 Qa4 26. Qb2 Qc4 27. Rb4 Qd3 28. Kf2 Qd1 29. a4 Bd3 30. axb5 cxb5 31. Kg3 h5 32. h4 Bc2 33. Rxb5 Qe1+ 0-1

[Event "SVK-chT3A2 1617"]
[Site "Slovakia"]
[Date "2016.10.16"]
[Round "1.4"]
[White "Kahanek, Jaroslav"]
[Black "Rau, Vladimir"]
[Result "1/2-1/2"]
[WhiteElo "1872"]
[BlackElo "1595"]
[PlyCount "102"]
[EventDate "2016.10.16"]
[EventType "team-tourn"]
[EventRounds "11"]
[EventCountry "SVK"]
[SourceTitle "EXT 2020"]
[Source "ChessBase"]
[SourceDate "2019.10.17"]
[SourceVersion "1"]
[SourceVersionDate "2019.10.17"]
[SourceQuality "1"]
[WhiteTeam "Holic"]
[BlackTeam "Modranka Komplet"]
[WhiteTeamCountry "SVK"]
[BlackTeamCountry "SVK"]

1. d4 d5 2. e3 Nf6 3. Nc3 Bf5 4. Bd3 Bxd3 5. cxd3 g6 6. Nf3 Bg7 7. e4 dxe4 8. dxe4 0-0 9. 0-0 e6 10. Be3 c6 11. Qb3 Qb6 12. Qxb6 axb6 13. b4 Ra3 14. Rfc1 Nbd7 15. h3 Rfa8 16. Nd2 b5 17. Nb3 b6 18. Rab1 Bf8 19. Nd2 Kg7 20. Rb2 h5 21. Ndb1 R3a6 22. a3 c5 23. Nxb5 Rc8 24. Nd2 Raa8 25. Rbc2 Kh7 26. dxc5 bxc5 27. Bxc5 Nxc5 28. bxc5 Bh6 29. Rb1 Bxd2 30. Rxd2 Nxe4 31. Rd7 Nxc5 32. Rxf7+ Kg8 33. Rf3 Rab8 34. Rg3 Kg7 35. Kh2 Ne4 36. Re3 Nd2 37. Rd1 Rd8 38. Nc3 Rb3 39. a4 Nc4 40. Rxd8 Nxe3 41. fxe3 Rxc3 42. a5 Rxe3 43. a6 Ra3 44. Rd7+ Kf6 45. a7 e5 46. Kg1 Ra2 47. g3 e4 48. Kf1 Ke6 49. Rb7 Kf6 50. Ke1 e3 51. Rb6+ Kf7 1/2-1/2

[Event "SVK-chT3A2 1415"]
[Site "Slovakia"]
[Date "2015.03.22"]
[Round "11.1"]
[White "Papanek, Lubomir"]
[Black "Kahanek, Jaroslav"]
[Result "0-1"]
[WhiteElo "1616"]
[BlackElo "1829"]
[PlyCount "134"]
[EventDate "2014.10.19"]
[EventType "team-tourn"]
[EventRounds "11"]
[EventCountry "SVK"]
[SourceTitle "EXT 2019"]
[Source "ChessBase"]
[SourceDate "2018.10.10"]
[SourceVersion "1"]
[SourceVersionDate "2018.10.10"]
[SourceQuality "1"]

1. e4 c5 2. Nf3 Nc6 3. d4 cxd4 4. Nxd4 e5 5. Nb3 Nf6 6. Bg5 d6 7. Bb5 Be7 8. Bxf6 Bxf6 9. Nc3 a6 10. Bc4 0-0 11. Nd5 Bg5 12. 0-0 Kh8 13. f4 exf4 14. Nxf4 b5 15. Bd5 Qb6+ 16. Kh1 Bxf4 17. Rxf4 Be6 18. Bxe6 fxe6 19. Rxf8+ Rxf8 20. Qxd6 Qf2 21. Qc5 Kg8 22. Qxf2 Rxf2 23. Rc1 Nb4 24. Kg1 Re2 25. Kf1 Rxe4 26. a3 Nd5 27. Nc5 Rf4+ 28. Ke2 Nc7 29. Rd1 h6 30. Rd7 Ne8 31. Nxa6 Rc4 32. c3 Kf8 33. Rd4 Rc6 34. Nb4 Rc5 35. Nd3 Rg5 36. Kf3 Ke7 37. Nf2 e5 38. Rb4 Ke6 39. Ne4 Rf5+ 40. Ke3 Nc7 41. g4 Rf1 42. c4 Rh1 43. a4 bxc4 44. Rb6+ Ke7 45. Nc3 Rxh2 46. Ke4 Rh4 47. Kxe5 Rxg4 48. a5 Rg5+ 49. Kd4 Rxa5 50. Kxc4 Rg5 51. Rb7 Kd8 52. b4 Kc8 53. Rb6 Na8 54. Re6 Kd7 55. Ra6 Nc7 56. Ra7 Kc6 57. b5+ Kb6 58. Ra1 Rg4+ 59. Kd3 h5 60. Rb1 h4 61. Ke2 g5 62. Kf2 Rf4+ 63. Kg2 g4 64. Rf1 h3+ 65. Kg1 Rxf1+ 66. Kxf1 Nxb5 67. Kf2 Nxc3 0-1

[Event "SVK-chT3A2 1415"]
[Site "Slovakia"]
[Date "2015.02.08"]
[Round "8.1"]
[White "Kahanek, Jaroslav"]
[Black "Havlicek, Peter"]
[Result "1-0"]
[WhiteElo "1829"]
[BlackElo "1837"]
[PlyCount "115"]
[EventDate "2014.10.19"]
[EventType "team-tourn"]
[EventRounds "11"]
[EventCountry "SVK"]
[SourceTitle "EXT 2019"]
[Source "ChessBase"]
[SourceDate "2018.10.10"]
[SourceVersion "1"]
[SourceVersionDate "2018.10.10"]
[SourceQuality "1"]

1. d4 d5 2. Nc3 c6 3. Bf4 Bf5 4. e3 Nf6 5. Nf3 e6 6. a3 Bd6 7. Be5 h6 8. h3 0-0 9. Bd3 Bxd3 10. Qxd3 Bxe5 11. Nxe5 Nbd7 12. 0-0 Qc7 13. f4 Nxe5 14. fxe5 Nh7 15. Ne2 c5 16. c4 Rad8 17. cxd5 c4 18. Qc2 exd5 19. h4 b5 20. Nc3 Qb6 21. Qf5 a6 22. Rf2 Qe6 23. Qh5 f6 24. Qg6 Rf7 25. Raf1 Rdf8 26. Rf3 Kh8 27. Qh5 Kg8 28. Qg6 Kh8 29. Kf2 Rb8 30. Na2 a5 31. g4 Nf8 32. Qh5 Nh7 33. Kg3 Rff8 34. g5 fxe5 35. gxh6 Rxf3+ 36. Rxf3 exd4 37. hxg7+ Kg8 38. exd4 Kxg7 39. Qg4+ Qxg4+ 40. Kxg4 Nf6+ 41. Kf5 Re8 42. Rg3+ Kf7 43. Rg6 Ne4 44. Rb6 Ng3+ 45. Kg4 Ne2 46. Rxb5 Re4+ 47. Kg5 Rxd4 48. h5 Nf4 49. Nc3 Ne6+ 50. Kf5 Ng7+ 51. Ke5 Rh4 52. Kxd5 Nxh5 53. Rxa5 Nf6+ 54. Kc6 Ke6 55. Ra4 Rh2 56. Rb4 Ne8 57. Nb5 Rc2 58. Nd4+ 1-0

[Event "SVK-chT3A2 1314"]
[Site "Slovakia"]
[Date "2014.02.16"]
[Round "9.2"]
[White "Kahanek, Jaroslav"]
[Black "Vizvari, Ludovit"]
[Result "0-1"]
[WhiteElo "1861"]
[BlackElo "1996"]
[PlyCount "76"]
[EventDate "2013.10.13"]
[EventType "team-tourn"]
[EventRounds "11"]
[EventCountry "SVK"]
[SourceTitle "EXT 2015"]
[Source "ChessBase"]
[SourceDate "2014.11.20"]
[SourceVersion "1"]
[SourceVersionDate "2014.11.20"]
[SourceQuality "1"]
[WhiteTeam "Holic"]
[BlackTeam "Velky Meder MSK Corvin"]
[WhiteTeamCountry "SVK"]
[BlackTeamCountry "SVK"]

1. d4 d5 2. Nc3 e6 3. e3 Nf6 4. a3 c5 5. dxc5 Bxc5 6. b4 Be7 7. Nf3 a6 8. Bb2 0-0 9. Bd3 b5 10. Ne5 Bb7 11. 0-0 Qc7 12. Ne2 Nfd7 13. f4 Bf6 14. Nxd7 Nxd7 15. Bd4 e5 16. fxe5 Bxe5 17. Nf4 Nf6 18. Nh5 Ne4 19. Bxe4 dxe4 20. Rf5 Bxd4 21. Qxd4 f6 22. Rc5 Qe7 23. Nf4 Rfd8 24. Qc3 Rac8 25. Qb3+ Kh8 26. Rh5 Qe8 27. Rh3 Rc4 28. a4 Rd2 29. c3 g5 30. Nh5 Rd6 31. Rf1 Qg6 32. Rd1 Rd3 33. g4 Bc8 34. Rxd3 exd3 35. axb5 axb5 36. Rg3 Bxg4 37. Nf4 gxf4 38. exf4 d2 0-1